ბათუმის შოთა რუსთაველის სახელმწიფო უნივერსიტეტის ბიბლიოთეკა

აჭარის ასსრ სახალხო მეურნეობის ზოგიერთი დარგის განვითარების სოციალურ-ეკონომიკური პრობლემები : (ბიბ.ჩანაწერი № 63514)

000 -ლიდერი
ფიქსირებული სიგრძის საკონტროლო ველი 01485nam a22001937a 4500
003 - საკონტროლო ნომრის იდენტიფიკატორი
საკონტროლო ველი Ge_BSU
005 - ბოლო ოპერაციის თარიღი და დრო
საკონტროლო ველი 20251023202818.0
008 - ფიქსირებული სიგრძის მონაცემთა ელემენტები - ზოგადი ინფორმაცია
ფიქსირებული სიგრძის საკონტროლო ველი 251021s1985 ge ||||| |||| 00| 0 geo d
041 ## - ენის კოდი
Language code of text/sound track or separate title geo
080 ## - უნივერსალური ათობითი კლასიფიკაციის ინდექსი
Universal Decimal Classification number 338(479.223) ა-97
245 ## - ცნობა სათაურის შესახებ
Title აჭარის ასსრ სახალხო მეურნეობის ზოგიერთი დარგის განვითარების სოციალურ-ეკონომიკური პრობლემები :
Remainder of title ტ. 3 /
Statement of responsibility, etc რედ. კ. ლონტი; საქართველოს სსრ მეცნიერებათა აკადემია. ბათუმის ნ. ბერძენიშვილის სახელობის სამეცნიერო-კვლევითი ინსტიტუტი
264 ## - წარმოების, გამოცემის, დისტრიბუციის და სხვა ცნობები
გამოცემის, წარმოების, დისტრიბუციის... ადგილი თბილისი :
გამოცემის, წარმოების, დისტრიბუციის... თარიღი მეცნიერება,
გამოცემის, წარმოების, დისტრიბუციის... სახელწოდება 1985.
300 ## - ფიზიკური აღწერა
Extent 106გვ.;
Other physical details 22 სმ.
520 ## - SUMMARY, ETC.
Summary, etc სტატიების ბოლოს რეზიუმე რუს. ენაზე.
653 ## - INDEX TERM--UNCONTROLLED
Uncontrolled term ადგილობრივი მეურნეობის განვითარება აჭარის ასსრ-ში
653 ## - INDEX TERM--UNCONTROLLED
Uncontrolled term ტურიზმის განვითარების სოციალურ-ეკონომიკური პრობლემები
700 ## - ADDED ENTRY--PERSONAL NAME
Personal name ღლონტი, კ.
Relator term რედაქტორი
9 (RLIN) 26009
942 ## - ADDED ENTRY ELEMENTS (KOHA)
Source of classification or shelving scheme
Koha item type წიგნი
ეგზემპლარები
ჩამოწერის სტატუსი დაკარგული ეგზემპლარის სტატუსი კლასიფიკაციის წყარო ან თაროზე გაწყობის სქემა დაზიანების სტატუსი არ გაიცემა მუდმივი მდებარეობა (დაცვის ადგილი) ამჟამინდელი ადგილსამყოფელი თაროზე განთავსების ადგილი შეძენის თარიღი ღირებულება, შესყიდვის ნორმალური ფასი სრული შენახვის შიფრი შტრიხკოდი ბოლო ოპერაციის თარიღი ეგზემპლარის მიმდევრობითი ნომერი (კეტერი?) ფასის ძალაში შესვლის თარიღი ეგზემპლარის სახეობა საჯარო შენიშვნა
          ბათუმის შოთა რუსთაველის სახელმწიფო უნივერსიტეტის მთავარი ბიბლიოთეკა ბათუმის შოთა რუსთაველის სახელმწიფო უნივერსიტეტის მთავარი ბიბლიოთეკა წიგნსაცავი 2025-10-21 1.60 338(479.223) ა-97 72774 2025-10-21 72774 2025-10-21 წიგნი 1 ლ. 60 თ.
          ბათუმის შოთა რუსთაველის სახელმწიფო უნივერსიტეტის მთავარი ბიბლიოთეკა ბათუმის შოთა რუსთაველის სახელმწიფო უნივერსიტეტის მთავარი ბიბლიოთეკა წიგნსაცავი 2025-10-21 1.60 338(479.223) ა-97 72772 2025-10-21 72772 2025-10-21 წიგნი 1 ლ. 60 თ.
          ბათუმის შოთა რუსთაველის სახელმწიფო უნივერსიტეტის მთავარი ბიბლიოთეკა ბათუმის შოთა რუსთაველის სახელმწიფო უნივერსიტეტის მთავარი ბიბლიოთეკა წიგნსაცავი 2025-10-21 1.60 338(479.223) ა-97 72773 2025-10-21 72773 2025-10-21 წიგნი 1 ლ. 60 თ.